Ekonomická diplomacie znamená podporu exportu, investic, služeb a cestovního ruchu

Pojem ekonomická diplomacia. Ekonomická diplomacia v Českej republike. Podpora proexportnej politiky. Potreba jednotnej exportnej politiky.

Salvato in:
Dettagli Bibliografici
Autore principale: Drábek, Jaromír
Natura: Capitolo di libro
Lingua:ceco
Soggetti:
Tags: Aggiungi Tag
Nessun Tag, puoi essere il primo ad aggiungerne!!

MARC

LEADER 00000naa$a2200000$$$4500
001 0074305
005 20231016093401.4
041 0 |a cze 
044 |a CZ 
245 1 0 |a Ekonomická diplomacie znamená podporu exportu, investic, služeb a cestovního ruchu  |c Jaromír Drábek 
520 |a Pojem ekonomická diplomacia. Ekonomická diplomacia v Českej republike. Podpora proexportnej politiky. Potreba jednotnej exportnej politiky. 
610 2 0 |a diplomacia hospodárska 
610 2 0 |a obchod zahraničný 
610 2 0 |a vývoz 
610 2 0 |a štát 
610 2 0 |a podnikatelia 
610 2 0 |a podpora vývozu 
610 2 0 |a inštitúcie verejnoprávne 
610 2 0 |a Česko 
100 1 |a Drábek, Jaromír